Entry Término temático
001 - NÚMERO DE CONTROL
- campo de control: 173713
003 - IDENTIFICADOR DE NÚMERO DE CONTROL
- campo de control: SpMaBN
005 - FECHA Y HORA DE LA ÚLTIMA TRANSACCIÓN
- campo de control: 20250820223345.0
008 - ELEMENTOS DE DATO DE LONGITUD-FIJA
- campo de control de longitud fija: 020917dn anznnbabn |a ana
016 ## - NÚMERO DE CONTROL DE UNA AGENCIA BIBLIOGRÁFICA NACIONAL
- Número de control del registro: BNE20022023434
024 7# - IDENTIFICADOR DE OTROS ESTÁNDARES
- Número estándar o código: http://id.loc.gov/authorities/subjects/sh85144279
- Fuente: lcsh
024 7# - IDENTIFICADOR DE OTROS ESTÁNDARES
- Número estándar o código: http://data.bnf.fr/ark:/12148/cb11933761b
- Fuente: rameau
040 ## - FUENTE DE CATALOGACIÓN
- Centro catalogador/agencia de origen: SpMaBN
- Lengua de catalogación: spa
- Centro/agencia transcriptor: SpMaBN
- Normas de descripción: rdc
- Convención/Normas de encabezamiento de materia/tesauro: embne
042 ## - CÓDIGO DE AUTENTICACIÓN
- Código de autenticación: 200209178383PCMPBC BNEP 00
080 ## - NÚMERO DE LA CLASIFICACIÓN DECIMAL UNIVERSAL
- Número de la Clasificación Decimal Universal: 551.21
- Identificador de la edición: 2015
150 ## - ENCABEZAMIENTO--TÉRMINO DE MATERIA
- Término de materia o nombre geográfico como elemento de entrada: Vulcanología
450 ## - TRAZADO DE VÉASE--TÉRMINO DE MATERIA
- Término de materia o nombre geográfico como elemento de entrada: Volcanología
550 ## - TRAZADO VÉASE ADEMÁS--TÉRMINO DE MATERIA
- Término de materia o nombre geográfico como elemento de entrada: Vulcanismo
670 ## - FUENTE DE DATOS ENCONTRADOS
- Cita de la fuente: LCSH
- Información encontrada: (Volcanological research)
670 ## - FUENTE DE DATOS ENCONTRADOS
- Cita de la fuente: CSIC
- Información encontrada: (Vulcanología)
670 ## - FUENTE DE DATOS ENCONTRADOS
- Cita de la fuente: RAMEAU
- Información encontrada: (Volcanologie)
750 #7 - ENTRADA DE ENLACE DE ENCABEZAMIENTO ESTABLECIDO--TÉRMINO DE MATERIA
- Término de materia o nombre geográfico como elemento de entrada: Volcanologie
- Fuente del encabezamiento o término: rameau
750 #7 - ENTRADA DE ENLACE DE ENCABEZAMIENTO ESTABLECIDO--TÉRMINO DE MATERIA
- Término de materia o nombre geográfico como elemento de entrada: Volcanological research
- Fuente del encabezamiento o término: lcsh
